Normal view
MARC view
Entry Personal Name
001 - CONTROL NUMBER
- control field: 17184
003 - CONTROL NUMBER IDENTIFIER
- control field: BD-RjUL
005 - DATE AND TIME OF LATEST TRANSACTION
- control field: 20251014144847.0
008 - FIXED-LENGTH DATA ELEMENTS
- fixed length control field: 251014|| aca||aabn | a|a d
040 ## - CATALOGING SOURCE
- Original cataloging agency: BD-RjUL
- Transcribing agency: BD-RjUL
100 ## - HEADING--PERSONAL NAME
- Personal name: Candy, Hugh Charles Herbert,
- Dates associated with a name: 1859-1935
670 ## - SOURCE DATA FOUND
- Source citation: Work cat.: (BD-RjUL)85862: Maggs Bros. 17183, The Works of John Milton /, 1936.